000 00508nam a2200193Ia 4500
001 22509
003 GE_BSU
008 181216s||||||||xx |||||||||||||| ||und||
040 _cGE_BSU
080 _aპერიოდიკა
245 _aParis Match, du 10 au 16 mai. №3600. 2018
260 _aParis
260 _c2018
300 _a131p. 27cm. ill.
653 _aParis Match, du 10 au 16 mai. №3600. 2018
653 _aПериодика
653 _aპერიოდიკა
942 _cCR
999 _c55427
_d55427